[Event "Wch Blitz"]
[Site "Samarkand"]
[Date "2023.12.30"]
[Round "18"]
[White "Amilal, Munkhdalai"]
[Black "Botiraliev, Abdumajid"]
[Result "1-0"]
[WhiteElo "2388"]
[BlackElo "1986"]
[PlyCount "107"]
[EventDate "2023.12.29"]
[EventType "swiss (blitz)"]
[EventRounds "21"]
[EventCountry "UZB"]
[SourceTitle "CB01_2024"]
[SourceDate "2024.01.03"]
[SourceVersion "1"]
[SourceVersionDate "2024.01.03"]
[SourceQuality "1"]

1. e4 e5 2. Nf3 Nc6 3. Bb5 a6 4. Ba4 Nf6 5. 0-0 Be7 6. Re1 b5 7. Bb3 d6 8. c3 0-0 9. h3 Bb7 10. d4 Re8 11. Nbd2 Bf8 12. Ng5 Re7 13. Ngf3 g6 14. d5 Nb8 15. Nf1 Bg7 16. Bg5 Nbd7 17. Qd2 Re8 18. N1h2 Nc5 19. Bc2 Qd7 20. b4 Na4 21. Bxa4 bxa4 22. c4 c6 23. Bxf6 Bxf6 24. Ng4 Bg7 25. Ne3 Bh6 26. Qd3 Bxe3 27. Qxe3 cxd5 28. cxd5 Qb5 29. Qh6 f6 30. Rac1 Rac8 31. Nh2 Qd7 32. Ng4 Qg7 33. Qh4 Rf8 34. Rxc8 Bxc8 35. Rc1 f5 36. exf5 Bxf5 37. Nh6+ Kh8 38. Nxf5 gxf5 39. Rc3 f4 40. Qg4 Qf7 41. Qf3 Rb8 42. a3 Qf5 43. Rc6 e4 44. Qc3+ Kg8 45. Rxd6 f3 46. Qf6 Qxf6 47. Rxf6 fxg2 48. Rxa6 Rd8 49. Rxa4 Rxd5 50. Kxg2 Rd2 51. Kf1 Rd3 52. b5 Rxh3 53. b6 Rb3 54. Rb4 1-0

[Event "Wch Blitz"]
[Site "Samarkand"]
[Date "2023.12.30"]
[Round "15"]
[White "Amilal, Munkhdalai"]
[Black "Chinguun, Sumiya"]
[Result "1/2-1/2"]
[WhiteElo "2388"]
[BlackElo "2319"]
[PlyCount "23"]
[EventDate "2023.12.29"]
[EventType "swiss (blitz)"]
[EventRounds "21"]
[EventCountry "UZB"]
[SourceTitle "CB01_2024"]
[SourceDate "2024.01.03"]
[SourceVersion "1"]
[SourceVersionDate "2024.01.03"]
[SourceQuality "1"]

1. e4 c5 2. Nf3 Nc6 3. Bb5 g6 4. 0-0 Bg7 5. Bxc6 dxc6 6. h3 Nf6 7. d3 Nd7 8. Nc3 e5 9. Be3 b6 10. Qd2 Nf8 11. Bh6 Bxh6 12. Qxh6 1/2-1/2

[Event "Qingdao SCO Teams 5th"]
[Site "Qingdao"]
[Date "2023.12.18"]
[Round "9.2"]
[White "Amilal, Munkhdalai"]
[Black "Zhakshylykov, Erzhan"]
[Result "1-0"]
[WhiteElo "2388"]
[BlackElo "2239"]
[PlyCount "113"]
[EventDate "2023.12.17"]
[EventType "team-tourn (rapid)"]
[EventRounds "9"]
[EventCountry "CHN"]
[SourceTitle "CB52_2023"]
[SourceDate "2023.12.27"]
[SourceVersion "1"]
[SourceVersionDate "2023.12.27"]
[SourceQuality "1"]
[WhiteTeam "Mongolia"]
[BlackTeam "Kyrgyzstan"]
[WhiteTeamCountry "MGL"]
[BlackTeamCountry "KGZ"]

1. e4 e5 2. Nf3 Nc6 3. Bb5 a6 4. Ba4 Nf6 5. 0-0 Be7 6. Re1 b5 7. Bb3 d6 8. c3 0-0 9. h3 Nb8 10. d4 Nbd7 11. Nbd2 c5 12. Nf1 Re8 13. Ng3 Bf8 14. Be3 exd4 15. cxd4 Bb7 16. Nd2 cxd4 17. Bxd4 Nc5 18. Bc2 Ne6 19. Nf3 Rc8 20. Bb3 Nxd4 21. Qxd4 d5 22. e5 Ne4 23. Nxe4 dxe4 24. Qxd8 Rcxd8 25. e6 fxe6 26. Ng5 Bd5 27. Nxe4 Bb4 28. Re2 a5 29. Bxd5 exd5 30. Ng3 Rxe2 31. Nxe2 d4 32. Rd1 d3 33. Nc3 Bc5 34. Nxb5 a4 35. Nc3 a3 36. bxa3 Bxa3 37. Kf1 Bb4 38. Ne4 Kf7 39. f3 Ke6 40. Nf2 d2 41. Ke2 Kf5 42. Ne4 Ra8 43. Rb1 Rxa2 44. Rxb4 d1Q+ 45. Kxd1 Rxg2 46. Nd2 Rh2 47. h4 h5 48. Ke1 Kf6 49. Ne4+ Ke5 50. Ng3 g6 51. Kf1 Ra2 52. Ne2 Kf6 53. Kf2 Ra5 54. Rb6+ Kf7 55. Nf4 g5 56. hxg5 Rxg5 57. Rh6 1-0

[Event "Wch U18"]
[Site "Montesilvano"]
[Date "2023.11.24"]
[Round "11"]
[White "Bacojo, Mark Jay"]
[Black "Amilal, Munkhdalai"]
[Result "1-0"]
[WhiteElo "2335"]
[BlackElo "2404"]
[PlyCount "101"]
[EventDate "2023.11.13"]
[EventType "swiss"]
[EventRounds "11"]
[EventCountry "ITA"]
[SourceTitle "CB48_2023"]
[SourceDate "2023.11.29"]
[SourceVersion "1"]
[SourceVersionDate "2023.11.29"]
[SourceQuality "1"]

1. e4 c5 2. Nf3 e6 3. g3 Nc6 4. Bg2 Nf6 5. Qe2 d5 6. d3 Be7 7. 0-0 0-0 8. e5 Nd7 9. h4 b5 10. Bf4 a5 11. Nbd2 b4 12. Rae1 Ba6 13. Ng5 h6 14. Nh3 Nd4 15. Qg4 Kh7 16. Rc1 Nf5 17. Rfe1 Nb6 18. Nf1 g6 19. Ne3 Ng7 20. Kh2 Ra7 21. Rh1 Bc8 22. Qe2 Rh8 23. Kg1 Kg8 24. Ng4 Nf5 25. h5 g5 26. Bd2 d4 27. Kh2 Bb7 28. Be4 Ng7 29. f4 Nxh5 30. Kg2 gxf4 31. Nxf4 Nxf4+ 32. Bxf4 Bxe4+ 33. dxe4 Kf8 34. Bxh6+ Ke8 35. Bg5 Rxh1 36. Rxh1 Kd7 37. Qb5+ Kc7 38. Bxe7 Qxe7 39. Nf6 Ra8 40. c3 dxc3 41. bxc3 Kb7 42. cxb4 axb4 43. Rd1 Rxa2+ 44. Kh3 Ka7 45. Rd6 Qc7 46. Rc6 Qb7 47. Qxc5 Qb8 48. Qxb4 Qd8 49. Qd6 Rd2 50. Rc7+ Ka6 51. Qa3+ 1-0

[Event "Wch U18"]
[Site "Montesilvano"]
[Date "2023.11.23"]
[Round "10"]
[White "Amilal, Munkhdalai"]
[Black "Goroshkov, Maksym"]
[Result "1-0"]
[WhiteElo "2404"]
[BlackElo "2303"]
[PlyCount "111"]
[EventDate "2023.11.13"]
[EventType "swiss"]
[EventRounds "11"]
[EventCountry "ITA"]
[SourceTitle "CB48_2023"]
[SourceDate "2023.11.29"]
[SourceVersion "1"]
[SourceVersionDate "2023.11.29"]
[SourceQuality "1"]

1. e4 Nf6 2. e5 Nd5 3. d4 d6 4. Nf3 dxe5 5. Nxe5 c6 6. Be2 Bf5 7. 0-0 Nd7 8. Bd3 Bxd3 9. Nxd3 e6 10. c4 N5f6 11. Nc3 Nb6 12. Ne5 Nfd7 13. Nxd7 Qxd7 14. b3 Rd8 15. Be3 Be7 16. Qg4 0-0 17. Rad1 Bb4 18. Ne2 f5 19. Qg3 e5 20. Bg5 f4 21. Qh4 f3 22. gxf3 Rde8 23. dxe5 Qf5 24. Bf4 Nd7 25. Ng3 Qf7 26. Qg4 Nc5 27. Bc1 Rxe5 28. f4 Re7 29. f5 Bc3 30. Ba3 b6 31. Qf3 Qf6 32. Bxc5 bxc5 33. Ne4 Rxe4 34. Qxe4 Qg5+ 35. Kh1 Bd4 36. Qxc6 h6 37. f4 Qg4 38. Qf3 Qh4 39. Qd5+ Kh8 40. b4 Re8 41. Qg2 Qe7 42. bxc5 Bxc5 43. Qc6 Bb4 44. f6 gxf6 45. Rd7 Qe4+ 46. Qxe4 Rxe4 47. Rb1 Rxc4 48. a3 Bf8 49. Rb8 Kg8 50. Rdd8 Rxf4 51. Rxf8+ Kg7 52. Rg8+ Kf7 53. Rh8 Kg7 54. Rbg8+ Kf7 55. Ra8 Kg7 56. Rhd8 1-0

[Event "Wch U18"]
[Site "Montesilvano"]
[Date "2023.11.18"]
[Round "6"]
[White "Amilal, Munkhdalai"]
[Black "Eidelman, Gabriel"]
[Result "0-1"]
[WhiteElo "2404"]
[BlackElo "2284"]
[PlyCount "118"]
[EventDate "2023.11.13"]
[EventType "swiss"]
[EventRounds "11"]
[EventCountry "ITA"]
[SourceTitle "CB48_2023"]
[SourceDate "2023.11.29"]
[SourceVersion "1"]
[SourceVersionDate "2023.11.29"]
[SourceQuality "1"]

1. e4 e5 2. Nf3 Nc6 3. Bb5 a6 4. Ba4 Nf6 5. 0-0 d6 6. Re1 Bd7 7. c3 g6 8. d4 Bg7 9. Nbd2 0-0 10. Nf1 exd4 11. cxd4 b5 12. Bc2 Bg4 13. Be3 Nh5 14. Bb3 Bxf3 15. gxf3 Na5 16. Ng3 Qh4 17. Rc1 Rac8 18. Bd5 Nf4 19. Qd2 Nxd5 20. Qxa5 Nf4 21. Qd2 Nh3+ 22. Kh1 c5 23. dxc5 dxc5 24. Rxc5 Rxc5 25. Bxc5 Rd8 26. Qe2 Nf4 27. Qc2 Nd3 28. Rd1 Nxb2 29. Rxd8+ Qxd8 30. Be3 Qd1+ 31. Qxd1 Nxd1 32. Ne2 b4 33. Bb6 Nb2 34. Kg2 Nc4 35. Bc5 a5 36. f4 Bf8 37. Bxf8 Kxf8 38. Kf3 Ke7 39. e5 f6 40. Ke4 a4 41. Kd4 Nd2 42. Kd3 b3 43. axb3 Nxb3 44. Kc4 Nd2+ 45. Kb4 Nf3 46. Kxa4 fxe5 47. fxe5 Ke6 48. h3 Kxe5 49. Kb4 Nd4 50. Ng1 Ke4 51. Kc5 g5 52. Kd6 h5 53. Ke7 h4 54. Kf6 Kf4 55. Kg6 g4 56. Kh5 g3 57. fxg3+ hxg3 58. Kg6 g2 59. Kf6 Nf3 0-1

[Event "Qatar Masters op"]
[Site "Doha"]
[Date "2023.10.20"]
[Round "9"]
[White "Rakesh, Kumar Jena"]
[Black "Amilal, Munkhdalai"]
[Result "1-0"]
[WhiteElo "2312"]
[BlackElo "2409"]
[PlyCount "77"]
[EventDate "2023.10.11"]
[EventType "swiss"]
[EventRounds "9"]
[EventCountry "QAT"]
[SourceTitle "Mega2024 Update 01"]
[Source "Chessbase"]
[SourceDate "2023.11.12"]
[SourceVersion "1"]
[SourceVersionDate "2023.11.12"]
[SourceQuality "1"]

1. d4 Nf6 2. Bf4 d5 3. e3 c5 4. c3 Nc6 5. Nd2 Bf5 6. Qb3 Qd7 7. Ngf3 c4 8. Qd1 b5 9. Ne5 Nxe5 10. dxe5 Ne4 11. Nxe4 Bxe4 12. Qd4 e6 13. a4 Rc8 14. axb5 Bc5 15. Qd2 Qxb5 16. b4 Bb6 17. Be2 g5 18. Bxg5 Rg8 19. h4 Bxg2 20. Rg1 Be4 21. Bd1 h6 22. Ba4 Qxa4 23. Rxa4 hxg5 24. Rxg5 Rxg5 25. hxg5 Kd7 26. Qa2 Rc7 27. Ra6 Kc6 28. b5+ Kxb5 29. Qa4+ Kc5 30. Qe8 Bc2 31. Kd2 Bb3 32. g6 fxg6 33. Qxe6 Kb5 34. Rxb6+ axb6 35. Qd6 Ra7 36. Qxd5+ Ka6 37. e6 Rh7 38. Qd7 Rh1 39. Ke2 1-0

[Event "Budapest One Week GM-B"]
[Site "Budapest"]
[Date "2023.08.25"]
[Round "7"]
[White "Tran, Thanh Tu"]
[Black "Amilal, Munkhdalai"]
[Result "1/2-1/2"]
[WhiteElo "2413"]
[BlackElo "2437"]
[PlyCount "81"]
[EventDate "2023.08.21"]
[EventType "tourn"]
[EventRounds "9"]
[EventCountry "HUN"]
[EventCategory "6"]
[SourceTitle "CBM 215 Extra"]
[Source "ChessBase"]
[SourceDate "2023.09.30"]
[SourceVersion "1"]
[SourceVersionDate "2023.09.30"]
[SourceQuality "1"]

1. d4 Nf6 2. Nc3 d5 3. Bf4 Bf5 4. e3 e6 5. Bd3 c6 6. Bxf5 exf5 7. f3 Nh5 8. Qd3 Nxf4 9. exf4 Qf6 10. 0-0-0 Bd6 11. Re1+ Kd8 12. Nh3 Nd7 13. Re3 Re8 14. Rhe1 Rxe3 15. Rxe3 Kc7 16. Ne2 g6 17. g3 Rh8 18. c3 h6 19. b3 Qd8 20. Kc2 Re8 21. Nc1 Re7 22. Qd2 Qe8 23. Rxe7 Qxe7 24. Nd3 f6 25. Nhf2 h5 26. Nd1 Nf8 27. Ne3 Ne6 28. b4 Kc8 29. a4 Nc7 30. Qe1 Qf7 31. Qf1 Na8 32. Kd2 Nb6 33. a5 Na8 34. Qh3 Nc7 35. g4 hxg4 36. fxg4 fxg4 37. Nxg4 Kd8 38. Qh4 Be7 39. Nc5 b6 40. Qh8+ Qe8 41. Qxe8+ 1/2-1/2

[Event "Budapest One Week GM-B"]
[Site "Budapest"]
[Date "2023.08.23"]
[Round "3"]
[White "Fodor, Tamas Jr"]
[Black "Amilal, Munkhdalai"]
[Result "1-0"]
[WhiteElo "2486"]
[BlackElo "2437"]
[PlyCount "103"]
[EventDate "2023.08.21"]
[EventType "tourn"]
[EventRounds "9"]
[EventCountry "HUN"]
[EventCategory "6"]
[SourceTitle "CBM 215 Extra"]
[Source "ChessBase"]
[SourceDate "2023.09.30"]
[SourceVersion "1"]
[SourceVersionDate "2023.09.30"]
[SourceQuality "1"]

1. e4 c5 2. Nf3 e6 3. d4 cxd4 4. Nxd4 Nc6 5. Nc3 Qc7 6. Be3 a6 7. Qf3 b5 8. 0-0-0 Bb7 9. Qg3 Qxg3 10. hxg3 Rc8 11. f3 Bc5 12. Kb1 Nxd4 13. Bxd4 Bxd4 14. Rxd4 Ne7 15. Be2 Nc6 16. Rd2 Ke7 17. Nd1 d6 18. Ne3 h6 19. a4 Na7 20. axb5 axb5 21. Rd3 Rc6 22. Rb3 Ba6 23. c3 Rb8 24. Nc2 Rcb6 25. Ra3 Nc6 26. b4 Bb7 27. Kb2 Rd8 28. Rd1 Kf6 29. Ne3 Ke7 30. Rh1 Rb8 31. Rh5 Bc8 32. Ra1 Bd7 33. g4 Be8 34. g5 hxg5 35. Rxg5 g6 36. Rg3 R8b7 37. Rh3 Ra7 38. Rxa7+ Nxa7 39. Rh8 Nc6 40. f4 Rb8 41. Nc2 Rb6 42. g4 Nb8 43. g5 Bc6 44. Bd3 Bd7 45. Ne3 Rb7 46. Ng4 Na6 47. e5 Nc7 48. Rh7 Be8 49. Bxg6 Nd5 50. Be4 Rc7 51. g6 Nxc3 52. g7 1-0

[Event "Budapest FS08 GM"]
[Site "Budapest"]
[Date "2023.08.15"]
[Round "9"]
[White "Setyaki, Azarya Jodi"]
[Black "Amilal, Munkhdalai"]
[Result "0-1"]
[WhiteElo "2401"]
[BlackElo "2437"]
[PlyCount "82"]
[EventDate "2023.08.05"]
[EventType "tourn"]
[EventRounds "9"]
[EventCountry "HUN"]
[EventCategory "7"]
[SourceTitle "CBM 215 Extra"]
[Source "ChessBase"]
[SourceDate "2023.09.30"]
[SourceVersion "1"]
[SourceVersionDate "2023.09.30"]
[SourceQuality "1"]

1. e4 c5 2. Nf3 Nc6 3. d4 cxd4 4. Nxd4 Qc7 5. Nc3 e6 6. Be3 a6 7. Qf3 Nf6 8. 0-0-0 Be7 9. Kb1 0-0 10. g4 d6 11. g5 Nd7 12. Nxc6 bxc6 13. Qg3 Rb8 14. h4 Qa5 15. Bc1 d5 16. b3 Ba3 17. Bxa3 Qxa3 18. h5 Rb4 19. g6 d4 20. h6 fxg6 21. hxg7 Rf7 22. Qh4 h5 23. Ne2 e5 24. Qd8+ Kxg7 25. Ng3 Nf8 26. Qxc8 Ra4 27. Qxc6 Qxa2+ 28. Kc1 Rxf2 29. Be2 Qa3+ 30. Kd2 Qb4+ 31. Kd3 Ne6 32. Nxh5+ Kf7 33. Rdf1 Nc5+ 34. Qxc5 Qxc5 35. Rxf2+ Ke7 36. Bd1 Qc3+ 37. Ke2 Qe3+ 38. Kf1 Ra1 39. Kg2 gxh5 40. Rh3 Qxe4+ 41. Bf3 Qg6+ 0-1

[Event "Budapest FS08 GM"]
[Site "Budapest"]
[Date "2023.08.08"]
[Round "4"]
[White "Amilal, Munkhdalai"]
[Black "Arhan, Chethan Anand"]
[Result "1-0"]
[WhiteElo "2437"]
[BlackElo "2341"]
[PlyCount "99"]
[EventDate "2023.08.05"]
[EventType "tourn"]
[EventRounds "9"]
[EventCountry "HUN"]
[EventCategory "7"]
[SourceTitle "CBM 215 Extra"]
[Source "ChessBase"]
[SourceDate "2023.09.30"]
[SourceVersion "1"]
[SourceVersionDate "2023.09.30"]
[SourceQuality "1"]

1. e4 c5 2. Nf3 Nc6 3. Bb5 g6 4. 0-0 Bg7 5. Nc3 Nd4 6. Nxd4 cxd4 7. Ne2 a6 8. Bc4 Nf6 9. Bd3 d6 10. Nxd4 Nxe4 11. Bxe4 Bxd4 12. c3 Bg7 13. d4 d5 14. Bd3 Be6 15. Bf4 Qd7 16. Re1 0-0 17. Qd2 Rfc8 18. Re2 b5 19. Be5 Rc6 20. Bxg7 Kxg7 21. Rae1 Rb6 22. h4 a5 23. h5 b4 24. Qg5 bxc3 25. bxc3 Rc8 26. Re3 Rxc3 27. Bxg6 f6 28. h6+ Kh8 29. Qg3 Rxe3 30. Rxe3 Qd6 31. f4 hxg6 32. Qxg6 Rb1+ 33. Qxb1 Qxf4 34. Qe1 Qxd4 35. Qg3 Bg4 36. Kh2 e5 37. Qh4 Qf4+ 38. Rg3 Be6 39. Qxf4 exf4 40. Rg6 d4 41. Rxf6 Bxa2 42. Rxf4 d3 43. Rd4 Bb1 44. g4 Kh7 45. g5 Kg6 46. Rd6+ Kf7 47. g6+ Ke7 48. Rd4 d2 49. h7 d1Q 50. Rxd1 1-0

[Event "Budapest FS08 GM"]
[Site "Budapest"]
[Date "2023.08.07"]
[Round "3"]
[White "Amilal, Munkhdalai"]
[Black "Kojima, Shinya"]
[Result "1-0"]
[WhiteElo "2437"]
[BlackElo "2308"]
[PlyCount "127"]
[EventDate "2023.08.05"]
[EventType "tourn"]
[EventRounds "9"]
[EventCountry "HUN"]
[EventCategory "7"]
[SourceTitle "CBM 215 Extra"]
[Source "ChessBase"]
[SourceDate "2023.09.30"]
[SourceVersion "1"]
[SourceVersionDate "2023.09.30"]
[SourceQuality "1"]

1. e4 c6 2. Nc3 d5 3. Nf3 Bg4 4. h3 Bxf3 5. Qxf3 e6 6. d3 Nd7 7. g3 Bc5 8. Bg2 Ngf6 9. Qe2 0-0 10. 0-0 a5 11. Kh2 dxe4 12. dxe4 e5 13. a4 Re8 14. Nd1 Qc7 15. Ne3 Nf8 16. c3 Ne6 17. Nc4 b5 18. Na3 b4 19. Nc4 Nd7 20. h4 Nb6 21. Bh3 Nxc4 22. Qxc4 Qb6 23. Kg2 Rad8 24. h5 h6 25. Bg4 Rd6 26. cxb4 axb4 27. b3 Red8 28. Ra2 Rd4 29. Qe2 R4d6 30. Qc4 Rd4 31. Qe2 R4d6 32. Bxe6 Rxe6 33. Rd1 Bd4 34. Be3 c5 35. Rc2 Red6 36. Bxd4 Rxd4 37. Rxd4 cxd4 38. Qc4 d3 39. Rd2 Rd4 40. Qb5 Qd6 41. a5 Qd8 42. Qxe5 f6 43. Qe6+ Kf8 44. Qb6 Qxb6 45. axb6 Rd6 46. b7 Rb6 47. Rxd3 Rxb7 48. Rd4 Ke7 49. Kf3 Ke6 50. Kg4 Ke5 51. Rc4 Ke6 52. f4 Kf7 53. Kf5 Rb5+ 54. e5 fxe5 55. Rc7+ Kf8 56. fxe5 Rb6 57. g4 Kg8 58. e6 Rb5+ 59. Ke4 Kf8 60. Rf7+ Kg8 61. Rf4 Rb7 62. Kd5 Rb5+ 63. Kc6 Re5 64. Kd6 1-0

[Event "Budapest FS08 GM"]
[Site "Budapest"]
[Date "2023.08.05"]
[Round "1"]
[White "Amilal, Munkhdalai"]
[Black "Samunenkov, Igor"]
[Result "0-1"]
[WhiteElo "2437"]
[BlackElo "2515"]
[PlyCount "104"]
[EventDate "2023.08.05"]
[EventType "tourn"]
[EventRounds "9"]
[EventCountry "HUN"]
[EventCategory "7"]
[SourceTitle "CBM 215 Extra"]
[Source "ChessBase"]
[SourceDate "2023.09.30"]
[SourceVersion "1"]
[SourceVersionDate "2023.09.30"]
[SourceQuality "1"]

1. e4 c6 2. Nc3 d5 3. Nf3 Bg4 4. h3 Bxf3 5. Qxf3 Nf6 6. d3 e6 7. a3 Qa5 8. Bd2 Qb6 9. Ra2 Bd6 10. g3 h5 11. Qe2 Nbd7 12. Bg2 d4 13. Nb1 h4 14. g4 e5 15. 0-0 Nh7 16. b4 g5 17. c4 Qc7 18. Rc1 a5 19. Rcc2 Be7 20. Rcb2 Nhf8 21. Bf3 Ne6 22. Qe1 Ndf8 23. Qd1 Ng6 24. Be2 b6 25. Qb3 0-0 26. Be1 Ra7 27. Nd2 Rfa8 28. Nf3 Qd8 29. Bd2 Kg7 30. b5 a4 31. Qc2 cxb5 32. Rxb5 Bc5 33. Ne1 Ngf4 34. Bf1 Nc7 35. Rb1 Nfe6 36. Qc1 Rb7 37. Nc2 b5 38. Rab2 Rab8 39. Ba5 Bb6 40. Bxb6 Rxb6 41. Nb4 bxc4 42. Nc6 Rxb2 43. Rxb2 Rxb2 44. Nxd8 c3 45. Nc6 Nb5 46. Nxe5 Nxa3 47. Qa1 Rb3 48. Nc6 Rb1 49. Qxa3 c2 50. Nxd4 Nxd4 51. Qc3 c1Q 52. Qxd4+ Kh7 0-1

[Event "Titled Tuesday intern op 01st Aug Early"]
[Site "Chess.com INT"]
[Date "2023.08.01"]
[Round "5"]
[White "Amilal, Munkhdalai"]
[Black "Pranesh, M."]
[Result "0-1"]
[WhiteElo "2437"]
[BlackElo "2503"]
[PlyCount "180"]
[EventDate "2023.08.01"]
[EventType "swiss (blitz)"]
[EventRounds "11"]
[EventCountry "USA"]
[SourceTitle "EXT 2024"]
[Source "ChessBase"]
[SourceDate "2023.10.10"]
[SourceVersion "1"]
[SourceVersionDate "2023.10.10"]
[SourceQuality "1"]

1. e4 e5 2. Nf3 Nc6 3. Bb5 a6 4. Ba4 Nf6 5. 0-0 Bc5 6. c3 0-0 7. d4 Ba7 8. dxe5 Nxe4 9. Bc2 d5 10. exd6 Nxd6 11. h3 Bf5 12. Bxf5 Nxf5 13. Qc2 Qf6 14. Bg5 Qg6 15. Bf4 Nh4 16. Qxg6 Nxf3+ 17. gxf3 fxg6 18. Bxc7 Rxf3 19. Nd2 Rxh3 20. Nc4 Rc8 21. Bh2 Rf8 22. Kg2 Rh4 23. Nd6 Rxh2+ 24. Kxh2 Bb8 25. Rad1 Rf6 26. Rd5 Rxd6 27. Rxd6 Bxd6+ 28. Kh3 Kf7 29. Rd1 Ke7 30. Kg4 h6 31. f4 Ke6 32. Re1+ Kd7 33. Rd1 Ne7 34. Re1 Ng8 35. Kf3 Nf6 36. Rg1 Ke6 37. Rxg6 Kf7 38. Rg1 Bc7 39. f5 Ne8 40. Rg6 Nd6 41. Kg4 Nc4 42. Kh5 Nxb2 43. f6 gxf6 44. Rxh6 Ke6 45. Rh7 Kd6 46. Kg6 Na4 47. c4 Kc6 48. Kxf6 Nb6 49. Kf5 Nxc4 50. Ke4 Bd6 51. Kd4 Na3 52. Rh5 Nb5+ 53. Kc4 Nc7 54. a4 b6 55. Rf5 Ne6 56. Rf6 Nc5 57. a5 b5+ 58. Kd4 Nb3+ 59. Kc3 Nxa5 60. Rf5 Nc4 61. Rh5 Nb6 62. Rf5 a5 63. Kb3 a4+ 64. Kc3 Nd5+ 65. Kd4 Bc5+ 66. Ke4 Nb4 67. Rf6+ Bd6 68. Kd4 a3 69. Rf1 a2 70. Kc3 a1Q+ 71. Rxa1 Be5+ 72. Kxb4 Bxa1 73. Kb3 Kc5 74. Ka2 Bf6 75. Kb3 Be5 76. Kc2 Kc4 77. Kb1 b4 78. Kc2 b3+ 79. Kb1 Kb4 80. Kc1 Ka3 81. Kb1 Bf6 82. Kc1 Ka2 83. Kd2 b2 84. Kd3 b1Q+ 85. Ke3 Qb4 86. Kf3 Qd4 87. Kg3 Qe4 88. Kh3 Qg6 89. Kh2 Bh4 90. Kh1 Bf2 0-1

[Event "Titled Tuesday intern op 01st Aug Early"]
[Site "Chess.com INT"]
[Date "2023.08.01"]
[Round "10"]
[White "Gauri, Shankar"]
[Black "Amilal, Munkhdalai"]
[Result "0-1"]
[WhiteElo "2351"]
[BlackElo "2437"]
[PlyCount "82"]
[EventDate "2023.08.01"]
[EventType "swiss (blitz)"]
[EventRounds "11"]
[EventCountry "USA"]
[SourceTitle "EXT 2024"]
[Source "ChessBase"]
[SourceDate "2023.10.10"]
[SourceVersion "1"]
[SourceVersionDate "2023.10.10"]
[SourceQuality "1"]

1. e4 c5 2. Nf3 Nc6 3. Bb5 e6 4. 0-0 Nge7 5. Re1 a6 6. Bf1 d5 7. exd5 Qxd5 8. Nc3 Qd8 9. b3 Nf5 10. Bb2 Be7 11. Ne4 0-0 12. a4 b6 13. Ng3 Nfd4 14. Nxd4 Nxd4 15. Bd3 Bb7 16. Be4 Bxe4 17. Nxe4 Qd5 18. d3 Rad8 19. Re3 f5 20. Nc3 Qc6 21. Ne2 Bf6 22. Nxd4 cxd4 23. Re2 e5 24. Qd2 Rfe8 25. Rae1 e4 26. Qf4 exd3 27. cxd3 Rxe2 28. Rxe2 Qd5 29. h4 Qxb3 30. Kh2 Qxd3 31. Re6 Qb3 32. Rxf6 gxf6 33. Bxd4 Qe6 34. Qg3+ Kf7 35. Be3 Qd6 36. Bf4 Qd5 37. Bh6 Qd6 38. f4 Rg8 39. Qb3+ Qe6 40. Qc3 Qd5 41. Qc7+ Kg6 0-1